[Event "Politiken Cup 36th"]
[Site "Helsingor"]
[Date "2014.07.21"]
[Round "1"]
[White "Bjorn, Lasse E"]
[Black "Ochsner, Bjorn Moller"]
[Result "0-1"]
[WhiteElo "1910"]
[BlackElo "2318"]
[PlyCount "60"]
[EventDate "2014.07.21"]
[EventType "swiss"]
[EventRounds "10"]
[EventCountry "DEN"]
[SourceTitle "CBM 161 Extra"]
[Source "ChessBase"]
[SourceDate "2014.08.29"]
[SourceVersion "1"]
[SourceVersionDate "2014.08.29"]
[SourceQuality "1"]

1. e4 c5 2. Nf3 d6 3. d4 cxd4 4. Nxd4 Nf6 5. Nc3 a6 6. Be2 e5 7. Nb3 Be7 8. 0-0 0-0 9. a4 Nc6 10. Kh1 Be6 11. f4 exf4 12. Bxf4 d5 13. e5 Ne4 14. Nxe4 dxe4 15. Nd2 Qa5 16. Nxe4 Nxe5 17. Ng5 Bxg5 18. Bxg5 Nc4 19. Qd4 Rac8 20. Bh4 Qd2 21. Bd3 Qh6 22. b3 Ne3 23. Rfc1 Bf5 24. h3 Bxd3 25. Qxd3 Nxg2 26. Kxg2 Qxh4 27. c4 Rcd8 28. Qc3 Qe4+ 29. Kh2 Qe2+ 30. Kg1 Rd3 0-1

[Event "Gibraltar Masters 12th"]
[Site "Caleta"]
[Date "2014.01.30"]
[Round "3"]
[White "Bjorn, Lasse E"]
[Black "Byron, Alan M"]
[Result "0-1"]
[WhiteElo "1879"]
[BlackElo "2149"]
[PlyCount "114"]
[EventDate "2014.01.28"]
[EventType "swiss"]
[EventRounds "10"]
[EventCountry "GGB"]
[SourceTitle "CBM 159"]
[Source "ChessBase"]
[SourceDate "2014.03.17"]
[SourceVersion "1"]
[SourceVersionDate "2014.03.17"]
[SourceQuality "1"]

1. d4 Nf6 2. c4 g6 3. Nc3 Bg7 4. e4 d6 5. Nf3 0-0 6. Be2 Na6 7. 0-0 e5 8. d5 Nc5 9. Qc2 a5 10. Be3 b6 11. a3 a4 12. Nd2 Bd7 13. f3 Nh5 14. Nb5 f5 15. b4 axb3 16. Nxb3 Nxb3 17. Qxb3 Nf4 18. Bd1 Rf7 19. Ra2 Nh5 20. Be2 Nf6 21. Qd3 f4 22. Bf2 g5 23. Rfa1 h5 24. a4 Bf8 25. a5 bxa5 26. Qc3 Ne8 27. Rxa5 Rxa5 28. Rxa5 Rg7 29. c5 Bxb5 30. Bxb5 g4 31. Bc6 g3 32. hxg3 fxg3 33. Be3 Nf6 34. Ra8 Qe7 35. Bh6 Rf7 36. Bg5 dxc5 37. Re8 Nxe4 38. Bxe7 Nxc3 39. Bxc5 Kg7 40. Bxf8+ Rxf8 41. Rxe5 Rb8 42. Kf1 Rb1+ 43. Re1 Rb2 44. Rc1 Rf2+ 45. Ke1 Re2+ 46. Kf1 Rf2+ 47. Ke1 Na2 48. Rc4 Rxg2 49. Be8 Rg1+ 50. Ke2 Nc1+ 51. Ke3 Re1+ 52. Kd2 Re2+ 53. Kc3 Rxe8 54. Rxc7+ Kg6 55. d6 g2 56. d7 Rd8 57. Rc8 Rxd7 0-1

[Event "Tromsoe NGP op"]
[Site "Tromsoe"]
[Date "2013.11.22"]
[Round "4"]
[White "Bjorn, Lasse E"]
[Black "Romsdal, Trond"]
[Result "1/2-1/2"]
[WhiteElo "1868"]
[BlackElo "2188"]
[PlyCount "92"]
[EventDate "2013.11.22"]
[EventType "swiss"]
[EventRounds "5"]
[EventCountry "NOR"]
[SourceTitle "CBM 157 Extra"]
[Source "ChessBase"]
[SourceDate "2013.12.19"]
[SourceVersion "1"]
[SourceVersionDate "2013.12.19"]
[SourceQuality "1"]

1. d4 Nf6 2. c4 e6 3. Nf3 b6 4. Bg5 Bb7 5. Nc3 Bb4 6. Qc2 h6 7. Bd2 c5 8. a3 Ba5 9. e3 0-0 10. Be2 d6 11. 0-0 Nbd7 12. Rfb1 Bxc3 13. Bxc3 Ne4 14. Be1 f5 15. Nd2 Qg5 16. Nf3 Qg6 17. b4 cxd4 18. exd4 Rac8 19. Rd1 Rc7 20. Qb3 Kh8 21. Bf1 Rfc8 22. Rac1 Qf7 23. Nd2 Nef6 24. Nb1 e5 25. Nc3 a6 26. Qc2 g6 27. f3 Kh7 28. Bf2 b5 29. dxe5 Nxe5 30. c5 dxc5 31. Bxc5 Nfd7 32. Bd4 Nc4 33. a4 Bc6 34. Qa2 Qe7 35. Bxc4 bxc4 36. b5 axb5 37. Nxb5 Bxb5 38. axb5 Qe6 39. Qa6 Qxa6 40. bxa6 Nc5 41. Bxc5 Rxc5 42. Rd7+ Kg8 43. a7 Ra5 44. Rb7 Ra4 45. Rb8 Rf8 46. Rb7 Rf7 1/2-1/2

[Event "Tromsoe NGP op"]
[Site "Tromsoe"]
[Date "2013.11.22"]
[Round "3"]
[White "Esbensen, Hans Fredrik"]
[Black "Bjorn, Lasse E"]
[Result "0-1"]
[WhiteElo "1727"]
[BlackElo "1868"]
[PlyCount "70"]
[EventDate "2013.11.22"]
[EventType "swiss"]
[EventRounds "5"]
[EventCountry "NOR"]
[SourceTitle "CBM 157 Extra"]
[Source "ChessBase"]
[SourceDate "2013.12.19"]
[SourceVersion "1"]
[SourceVersionDate "2013.12.19"]
[SourceQuality "1"]

1. Nf3 d5 2. d4 Nf6 3. c4 e6 4. Nc3 c6 5. Qc2 dxc4 6. e4 b5 7. e5 Nd5 8. a3 a6 9. Be2 c5 10. Bg5 Be7 11. Bxe7 Qxe7 12. Ne4 Nc6 13. Nd6+ Kf8 14. dxc5 Na5 15. 0-0 Nb3 16. Rad1 Bb7 17. Nd4 Nxc5 18. b4 Na4 19. Bf3 g6 20. Qd2 Kg7 21. Nxb7 Qxb7 22. Bxd5 exd5 23. Qg5 h6 24. Nf5+ Kf8 25. Nxh6 Nc3 26. Rde1 Qe7 27. Nxf7 Qxf7 28. Re3 Rh5 29. Qg4 Ne4 30. e6 Qf6 31. Rf3 Rf5 32. Rxf5 gxf5 33. Qh5 Ra7 34. Rd1 d4 35. f3 Ng5 0-1

[Event "Tromsoe NGP op"]
[Site "Tromsoe"]
[Date "2013.11.22"]
[Round "5"]
[White "Machlik, Edit"]
[Black "Bjorn, Lasse E"]
[Result "1/2-1/2"]
[WhiteElo "1862"]
[BlackElo "1868"]
[PlyCount "77"]
[EventDate "2013.11.22"]
[EventType "swiss"]
[EventRounds "5"]
[EventCountry "NOR"]
[SourceTitle "CBM 157 Extra"]
[Source "ChessBase"]
[SourceDate "2013.12.19"]
[SourceVersion "1"]
[SourceVersionDate "2013.12.19"]
[SourceQuality "1"]

1. d4 Nf6 2. c4 e6 3. Nc3 d5 4. cxd5 exd5 5. Bg5 c6 6. e3 Bb4 7. Qc2 0-0 8. a3 Bd6 9. Bd3 h6 10. Bh4 Re8 11. b4 Nbd7 12. Nf3 Nf8 13. 0-0 Bg4 14. Nd2 Bh5 15. Bg3 Bxg3 16. hxg3 Bg6 17. b5 Bxd3 18. Qxd3 Ne6 19. bxc6 bxc6 20. Nb3 Qe7 21. Na4 Ne4 22. Rfc1 Rec8 23. Nac5 N6xc5 24. Nxc5 Rab8 25. Nxe4 dxe4 26. Qa6 Qd7 27. Rab1 Rxb1 28. Rxb1 Rc7 29. Rc1 Qd6 30. a4 Qd5 31. Qc4 Qxc4 32. Rxc4 f5 33. Rc5 g6 34. f3 exf3 35. gxf3 Kf7 36. Kf2 Ke6 37. Ke2 Kd6 38. f4 Rb7 39. Ra5 1/2-1/2

[Event "Oslo Vederhus Memorial op B"]
[Site "Oslo"]
[Date "2013.09.29"]
[Round "5"]
[White "Bjorn, Lasse E"]
[Black "Donchenko, Irina"]
[Result "1/2-1/2"]
[WhiteElo "1807"]
[BlackElo "2083"]
[PlyCount "99"]
[EventDate "2013.09.29"]
[EventType "swiss"]
[EventRounds "9"]
[EventCountry "NOR"]
[SourceTitle "EXT 2024"]
[Source "ChessBase"]
[SourceDate "2023.10.10"]
[SourceVersion "1"]
[SourceVersionDate "2023.10.10"]
[SourceQuality "1"]

1. e4 c6 2. d4 d5 3. Nc3 dxe4 4. Nxe4 Bf5 5. Ng3 Bg6 6. Nf3 Nd7 7. Bc4 e6 8. 0-0 Qc7 9. Re1 Ngf6 10. Ng5 0-0-0 11. Qf3 h6 12. N5e4 Nxe4 13. Nxe4 Bxe4 14. Rxe4 Nf6 15. Rh4 Be7 16. Qh3 Nd5 17. Rg4 g5 18. Bxd5 Rxd5 19. Re4 h5 20. g3 h4 21. g4 Qd7 22. Qe3 c5 23. c3 Kb8 24. b3 Rd8 25. Bb2 cxd4 26. cxd4 Bd6 27. Rc1 Rc8 28. Rc4 Bc7 29. f3 e5 30. Kh1 exd4 31. Bxd4 Qd6 32. Rxc7 Qxc7 33. Be5 Rxe5 34. Rxe5 Qc1+ 35. Qxc1 Rxc1+ 36. Kg2 Rc2+ 37. Kh3 f6 38. Re6 Rxa2 39. Rxf6 Rb2 40. Rf5 Rxb3 41. Rxg5 Rxf3+ 42. Kxh4 Kc7 43. Re5 Kd6 44. Ra5 a6 45. g5 Ke6 46. Kg4 Rc3 47. Ra4 Rc6 48. h4 b5 49. Rf4 Rc4 50. Rxc4 1/2-1/2

[Event "Tromsoe Arctic NGP-A"]
[Site "Tromsoe"]
[Date "2013.08.18"]
[Round "7"]
[White "Hjornevik, Knut Jarle"]
[Black "Bjorn, Lasse E"]
[Result "1/2-1/2"]
[WhiteElo "1981"]
[BlackElo "1803"]
[PlyCount "107"]
[EventDate "2013.08.16"]
[EventType "swiss"]
[EventRounds "7"]
[EventCountry "NOR"]
[SourceTitle "CBM 156 Extra"]
[Source "ChessBase"]
[SourceDate "2013.10.22"]
[SourceVersion "1"]
[SourceVersionDate "2013.10.22"]
[SourceQuality "1"]

1. d4 d5 2. e4 dxe4 3. Nc3 Nf6 4. f3 exf3 5. Nxf3 Bg4 6. h3 Bxf3 7. Qxf3 c6 8. Be3 e6 9. Bd3 Bb4 10. 0-0 Nbd7 11. Ne4 0-0 12. Rf2 Nxe4 13. Qxe4 g6 14. Raf1 Qe8 15. Bc4 Nb6 16. Bb3 Nd5 17. Bh6 f5 18. Qe5 Rf7 19. Re2 Bf8 20. Bxf8 Kxf8 21. Bxd5 cxd5 22. Qxe6 Qxe6 23. Rxe6 Re8 24. Rd6 Re2 25. Rf2 Re1+ 26. Kh2 Ra1 27. a3 Re7 28. Rxd5 Kg7 29. Rd8 Rd1 30. c3 Kf6 31. g4 Ree1 32. gxf5 Rh1+ 33. Kg3 Rdg1+ 34. Kf4 g5+ 35. Ke4 Rxh3 36. Rd6+ Ke7 37. Kd5 g4 38. f6+ Kf8 39. Rd8+ Kf7 40. Rd7+ Kf8 41. f7 Rf3 42. Re2 Rxf7 43. Rxf7+ Kxf7 44. Ke4 Rf1 45. Ke3 h5 46. Rf2+ Rxf2 47. Kxf2 h4 48. c4 Ke6 49. b4 Kf5 50. d5 Ke5 51. Kg2 b5 52. d6 Kxd6 53. c5+ Kc6 54. Kh2 1/2-1/2

[Event "Politiken Cup 35th"]
[Site "Helsingor"]
[Date "2013.08.03"]
[Round "9"]
[White "Bjorn, Lasse E"]
[Black "Hyldkrog, Lars"]
[Result "0-1"]
[WhiteElo "1810"]
[BlackElo "2009"]
[PlyCount "106"]
[EventDate "2013.07.27"]
[EventType "swiss"]
[EventRounds "10"]
[EventCountry "DEN"]
[SourceTitle "CBM 155 Extra"]
[Source "ChessBase"]
[SourceDate "2013.08.26"]
[SourceVersion "1"]
[SourceVersionDate "2013.08.26"]
[SourceQuality "1"]

1. e4 e6 2. d4 d5 3. Nc3 Bb4 4. Nge2 dxe4 5. a3 Bxc3+ 6. Nxc3 Nc6 7. Bb5 f5 8. 0-0 Nge7 9. Qh5+ Ng6 10. Bg5 Qd6 11. Rad1 0-0 12. d5 Nce7 13. dxe6 Qxe6 14. Rd4 Qb6 15. Bc4+ Be6 16. Bxe6+ Qxe6 17. Rfd1 a6 18. Rd7 Rac8 19. Qe2 Rfe8 20. Na4 h6 21. Nc5 Qe5 22. Qc4+ Kh7 23. Be3 Qxb2 24. Bd4 Qb5 25. Qf7 Rg8 26. Qe6 b6 27. Nb3 c5 28. Be5 Nxe5 29. Rxe7 Ng6 30. Qxf5 Qe2 31. Rf1 Rcf8 32. Qxe4 Qxe4 33. Rxe4 Re8 34. Rfe1 Rxe4 35. Rxe4 Rd8 36. g3 Rd6 37. Kg2 Kg8 38. h4 Kf7 39. a4 Re6 40. Rxe6 Kxe6 41. a5 bxa5 42. Nxc5+ Kd5 43. Na4 Kc4 44. Kf3 Kb4 45. Nb2 a4 46. Ke2 a3 47. Nd3+ Kc3 48. Nc1 Kxc2 49. Na2 a5 50. f4 h5 51. Ke3 Ne7 52. Ke4 Kb2 53. Ke5 Kxa2 0-1

[Event "Politiken Cup 35th"]
[Site "Helsingor"]
[Date "2013.07.28"]
[Round "3"]
[White "Bjorn, Lasse E"]
[Black "Spanton, Timothy"]
[Result "0-1"]
[WhiteElo "1810"]
[BlackElo "2015"]
[PlyCount "30"]
[EventDate "2013.07.27"]
[EventType "swiss"]
[EventRounds "10"]
[EventCountry "DEN"]
[SourceTitle "CBM 155 Extra"]
[Source "ChessBase"]
[SourceDate "2013.08.26"]
[SourceVersion "1"]
[SourceVersionDate "2013.08.26"]
[SourceQuality "1"]

1. e4 c5 2. Nf3 g6 3. d4 cxd4 4. Nxd4 Nc6 5. Nc3 Bg7 6. Be3 Nf6 7. Bc4 0-0 8. f3 Qb6 9. Qd3 Ne5 10. Qe2 Qxb2 11. Nd1 Qb4+ 12. c3 Qxc4 13. Qd2 Nd3+ 14. Ke2 Nb4+ 15. Kf2 Nxe4+ 0-1

[Event "Oslo Elo op"]
[Site "Oslo"]
[Date "2012.09.30"]
[Round "5"]
[White "Bjorn, Lasse E"]
[Black "Andersen, Dag"]
[Result "1-0"]
[WhiteElo "1741"]
[BlackElo "1904"]
[PlyCount "33"]
[EventDate "2012.09.30"]
[EventType "swiss"]
[EventRounds "9"]
[EventCountry "NOR"]
[SourceTitle "EXT 2013"]
[Source "ChessBase"]
[SourceDate "2012.11.22"]
[SourceVersion "1"]
[SourceVersionDate "2012.11.22"]
[SourceQuality "1"]

1. e4 e5 2. Nf3 Nc6 3. Bb5 a6 4. Ba4 Nf6 5. 0-0 b5 6. Bb3 Bc5 7. c3 d6 8. d4 Bb6 9. dxe5 dxe5 10. Qxd8+ Nxd8 11. Nxe5 0-0 12. Bg5 Re8 13. Bxf6 gxf6 14. Nf3 Bb7 15. Nbd2 Bxe4 16. Nxe4 Rxe4 17. Bd5 1-0

[Event "Tromsoe Bymesterskap"]
[Site "Tromsoe"]
[Date "2012.01.19"]
[Round "2"]
[White "Jessen, Simon Pind"]
[Black "Bjorn, Lasse E"]
[Result "0-1"]
[WhiteElo "2085"]
[BlackElo "1711"]
[PlyCount "120"]
[EventDate "2012.01.19"]
[EventType "swiss"]
[EventRounds "7"]
[EventCountry "NOR"]
[SourceTitle "EXT 2024"]
[Source "ChessBase"]
[SourceDate "2023.10.10"]
[SourceVersion "1"]
[SourceVersionDate "2023.10.10"]
[SourceQuality "1"]

1. d4 Nf6 2. c4 c5 3. d5 b5 4. cxb5 a6 5. bxa6 g6 6. Nc3 Bxa6 7. g3 d6 8. Bg2 Bg7 9. Nf3 0-0 10. 0-0 Nbd7 11. Rb1 Qa5 12. Bd2 Rfb8 13. Re1 Ng4 14. Qc2 Nge5 15. b3 Nxf3+ 16. exf3 Ne5 17. Na4 Qc7 18. Nb2 Bb7 19. f4 Ng4 20. Nd3 Nf6 21. Nb4 Rc8 22. Nc6 e6 23. Rbc1 Nxd5 24. Bxd5 Bxc6 25. Bxc6 Qxc6 26. Be3 Ra3 27. Re2 Rca8 28. b4 Rc3 29. Qxc3 Bxc3 30. Rxc3 Qb5 31. Rb2 cxb4 32. Rcb3 Ra4 33. a3 Qa6 34. Rxb4 Rxb4 35. Rxb4 Qxa3 36. Rb8+ Kg7 37. Bd4+ Kh6 38. Rg8 Qf3 39. Bg7+ Kh5 40. h3 e5 41. Rh8 exf4 42. Rxh7+ Kg5 43. Bh6+ Kf6 44. Bxf4 d5 45. h4 d4 46. Rh8 Ke7 47. Rb8 d3 48. Rb2 Ke6 49. Be3 Kf5 50. Kh2 Qd5 51. Rd2 Kg4 52. Rb2 Kf3 53. Rd2 f6 54. Bf4 g5 55. hxg5 fxg5 56. Bxg5 Qxg5 57. Rxd3+ Kxf2 58. g4 Qh6+ 59. Rh3 Qf4+ 60. Kh1 Qc1+ 0-1

[Event "NOR-ch Noth A"]
[Site "Alta"]
[Date "2011.05.14"]
[Round "3"]
[White "Selnes, Odd Ketil"]
[Black "Bjorn, Lasse E"]
[Result "0-1"]
[WhiteElo "1528"]
[BlackElo "1465"]
[PlyCount "90"]
[EventDate "2011.05.13"]
[EventType "swiss"]
[EventRounds "5"]
[EventCountry "NOR"]
[SourceTitle "EXT 2024"]
[Source "ChessBase"]
[SourceDate "2023.10.10"]
[SourceVersion "1"]
[SourceVersionDate "2023.10.10"]
[SourceQuality "1"]

1. d4 Nf6 2. c4 c5 3. e3 e6 4. Nc3 Nc6 5. Nf3 b6 6. Bd3 Bb7 7. 0-0 d5 8. b3 dxc4 9. Bxc4 cxd4 10. exd4 Be7 11. Bb2 Rc8 12. d5 exd5 13. Nxd5 Nxd5 14. Bxd5 0-0 15. Rc1 Na5 16. Bxb7 Nxb7 17. Rxc8 Qxc8 18. Qa1 f6 19. Qc1 Qxc1 20. Rxc1 Nc5 21. Bd4 Rd8 22. Kf1 Kf7 23. Be3 Rd7 24. Ke2 Ne4 25. Rc4 Nd6 26. Rc6 Nf5 27. Bd2 Bc5 28. g4 Ne7 29. Rxc5 bxc5 30. Be3 Rc7 31. Kd3 Nd5 32. Kc4 Nxe3+ 33. fxe3 Ke6 34. Nd2 f5 35. g5 Kd6 36. h4 Rb7 37. a3 h6 38. Nf3 Re7 39. Kd3 Re4 40. gxh6 gxh6 41. Nd2 Rxh4 42. Nc4+ Kd5 43. Nd2 Rh3 44. Ke2 Rh2+ 45. Kd3 Rxd2+ 0-1